000 00335nam a2200145Ia 4500
999 _c5821
_d5821
003 OSt
008 191201s2013 xx 000 0 und d
100 _aGAMBHIR,ML
245 0 _aBuilding Materials Production and System
250 _aRep
260 _aN. delhi
_bTMH
_c2013
300 _a633
650 _aB.Tech(CE)
942 _2ddc
_cBK